000 04103namaa2200469uu 4500
001 doab134802
003 oapen
005 20260218110452.0
006 m o d
007 cr|mn|---annan
008 240224s2024 xx |||||o ||| 0|eng d
020 _a9783111204628
020 _a9783111218090
020 _a9783111218090
020 _a9783111218960
024 7 _a10.1515/9783111218090
_2doi
040 _aoapen
_coapen
_d
041 0 _aeng
042 _adc
720 1 _aRösser, Michael
_4aut
245 0 0 _aPrisms of Work
_bLabour, Recruitment and Command in German East Africa
260 _aBasel/Berlin/Boston
_bDe Gruyter
_c2024
300 _a1 online resource (421 p.)
336 _atext
_btxt
_2rdacontent
337 _acomputer
_bc
_2rdamedia
338 _aonline resource
_bcr
_2rdacarrier
490 1 _aWork in Global and Historical Perspective
506 0 _fUnrestricted online access
_2star
520 _aThe phenomenon of labour takes the character of a prism. Labour is thereby always context dependent and constituted through the actions of all protagonists involved in any labour relationship. On the basis of three case studies in colonial German East Africa - the construction of the Central Railway (1905-1916), the Otto Plantation in Kilossa (1907-1916) and the palaeontological Tendaguru Expedition (1909-1911) - labour and labour relations are analysed. The focus lies on hitherto neglected actors and groups of actors of labour in the colonial context of East Africa. These were especially German companies and their staff, white subaltern railway sub-contractors and labour recruiters, Indian skilled workers and (qualified) East African workers. Furthermore, all three sites of labour proved to have their individual logics and characteristics. But all of them were in tension between the 'global' and the 'local', coercion and voluntariness, machine and manual labour, skilled and unskilled labour, reproductive and wage labour, as well as between black and white. Michael Rösser's dissertation has been awarded with 'honorary distinction' by the European Network in Universal and Global History (ENIUGH). ; The phenomenon of labour takes the character of a prism. Labour is thereby always context dependent and constituted through the actions of all protagonists involved in any labour relationship. On the basis of three case studies in colonial German East Africa - the construction of the Central Railway (1905-1916), the Otto Plantation in Kilossa (1907-1916) and the palaeontological Tendaguru Expedition (1909-1911) - labour and labour relations are analysed. The focus lies on hitherto neglected actors and groups of actors of labour in the colonial context of East Africa. These were especially German companies and their staff, white subaltern railway sub-contractors and labour recruiters, Indian skilled workers and (qualified) East African workers. Furthermore, all three sites of labour proved to have their individual logics and characteristics. But all of them were in tension between the 'global' and the 'local', coercion and voluntariness, machine and manual labour, skilled and unskilled labour, reproductive and wage labour, as well as between black and white. Michael Rösser's dissertation has been awarded with 'honorary distinction' by the European Network in Universal and Global History (ENIUGH).
540 _aCreative Commons
_fby/4.0
_2cc
_uhttp://creativecommons.org/licenses/by/4.0
546 _aEnglish
650 7 _a20th century, c 1900 to c 1999
_2bicssc
650 7 _aAfrican history
_2bicssc
650 7 _ac 1500 onwards to present day
_2bicssc
650 7 _aHistory and Archaeology
_2bicssc
650 7 _aIndustrialisation and industrial history
_2bicssc
650 7 _aNational liberation and independence
_2bicssc
650 7 _aSocial and cultural history
_2bicssc
793 0 _aDOAB Library.
856 _uhttps://docs.google.com/spreadsheets/d/1yKIrdCPDAG_9c22mwoOIO2DOhtj65Wqa/edit?usp=sharing&ouid=106555315294820607512&rtpof=true&sd=true
_yList of Curated E-Books
942 _cE-BOOK
999 _c81483
_d81482